All Shell Shockers Weapons - Statistics

General Stats
  • This quiz has been taken 65 times
  • The average score is 6 of 9
Answer Stats
Answer % Correct
EggK-47
83%
Crackshot
80%
Tri-Hard
80%
RPEGG
78%
Whipper
78%
Scrambler
75%
Free Ranger
65%
Pistol
45%
Grenade
38%
No matching quizzes found
Score Distribution
Percent of People with Each Score
Percentile by Number Answered
Your Score History
You have not taken this quiz